[Event "Andalucia-ch U18"]
[Site "Almeria"]
[Date "2011.04.20"]
[Round "8.6"]
[White "Anaya Lopez, Victor Jose"]
[Black "Santos Ruiz, Miguel"]
[Result "1/2-1/2"]
[WhiteElo "2151"]
[BlackElo "1858"]
[PlyCount "48"]
[EventDate "2011.04.16"]
[EventType "swiss"]
[EventRounds "8"]
[EventCountry "ESP"]
[SourceTitle "EXT 2024"]
[Source "ChessBase"]
[SourceDate "2023.10.10"]
[SourceVersion "1"]
[SourceVersionDate "2023.10.10"]
[SourceQuality "1"]

1. e4 e6 2. d4 d5 3. Nc3 Bb4 4. e5 c5 5. a3 Bxc3+ 6. bxc3 Ne7 7. Qg4 0-0 8. Bd3 Nbc6 9. Qh5 Ng6 10. Nh3 Qc7 11. 0-0 c4 12. Be2 Bd7 13. Ng5 h6 14. Nh3 Be8 15. f4 f5 16. Qf3 Nce7 17. Nf2 b5 18. Nd1 a5 19. Ne3 Rb8 20. Bd2 b4 21. axb4 axb4 22. Rfb1 bxc3 23. Bxc3 Rxb1+ 24. Rxb1 Qa7 1/2-1/2

[Event "Andalucia-ch U18"]
[Site "Almeria"]
[Date "2011.04.19"]
[Round "7.4"]
[White "Gutierrez Valero, Mario"]
[Black "Anaya Lopez, Victor Jose"]
[Result "1-0"]
[WhiteElo "2055"]
[BlackElo "2151"]
[PlyCount "71"]
[EventDate "2011.04.16"]
[EventType "swiss"]
[EventRounds "8"]
[EventCountry "ESP"]
[SourceTitle "EXT 2024"]
[Source "ChessBase"]
[SourceDate "2023.10.10"]
[SourceVersion "1"]
[SourceVersionDate "2023.10.10"]
[SourceQuality "1"]

1. d4 d5 2. Nf3 Nf6 3. c4 c6 4. Nc3 e6 5. Qb3 Nbd7 6. Bg5 Be7 7. e3 0-0 8. Bd3 b6 9. 0-0 Bb7 10. Rac1 dxc4 11. Bxc4 Nd5 12. Bxe7 Qxe7 13. Ne4 Rac8 14. Ng3 Nc7 15. e4 a6 16. Rfd1 Ba8 17. Bf1 Rfd8 18. Rd2 b5 19. Qe3 Ne8 20. h3 f6 21. Rdc2 Rb8 22. Nd2 e5 23. Nf5 Qf8 24. Nb3 g6 25. Ng3 Nd6 26. dxe5 Nxe5 27. Na5 g5 28. Be2 Qf7 29. Nh5 Rf8 30. a3 Qc7 31. b4 Qb6 32. Nxf6+ Rxf6 33. Qxg5+ Kf7 34. Qxe5 Qxf2+ 35. Kh1 c5 36. Bh5+ 1-0

[Event "Andalucia-ch U18"]
[Site "Almeria"]
[Date "2011.04.17"]
[Round "3.5"]
[White "Gonzalez Capacete, Jose Miguel"]
[Black "Anaya Lopez, Victor Jose"]
[Result "1/2-1/2"]
[WhiteElo "1658"]
[BlackElo "2151"]
[PlyCount "37"]
[EventDate "2011.04.16"]
[EventType "swiss"]
[EventRounds "8"]
[EventCountry "ESP"]
[SourceTitle "EXT 2024"]
[Source "ChessBase"]
[SourceDate "2023.10.10"]
[SourceVersion "1"]
[SourceVersionDate "2023.10.10"]
[SourceQuality "1"]

1. e4 c5 2. Nc3 Nc6 3. Nge2 e5 4. Nd5 d6 5. Nec3 Be6 6. g3 Nf6 7. Bg2 Be7 8. 0-0 0-0 9. d3 Nd4 10. h3 b5 11. f4 exf4 12. gxf4 Nxd5 13. Nxd5 Bxd5 14. exd5 Bf6 15. Be4 b4 16. Kh1 Qd7 17. f5 Rfe8 18. Rf2 a5 19. Qg4 1/2-1/2

[Event "ESP-ch U18"]
[Site "Linares"]
[Date "2010.07.28"]
[Round "5"]
[White "Alonso Rosell, Alvar"]
[Black "Anaya Lopez, Victor Jose"]
[Result "1-0"]
[WhiteElo "2521"]
[BlackElo "2165"]
[PlyCount "56"]
[EventDate "2010.07.26"]
[EventType "swiss"]
[EventRounds "9"]
[EventCountry "ESP"]
[SourceTitle "CBM 137 Extra"]
[Source "ChessBase"]
[SourceDate "2010.09.01"]
[SourceVersion "1"]
[SourceVersionDate "2010.09.01"]
[SourceQuality "1"]

1. d4 Nf6 2. c4 e6 3. Nc3 Bb4 4. e3 0-0 5. Bd3 d5 6. Nf3 b6 7. 0-0 Bb7 8. Qc2 a6 9. Rd1 Nbd7 10. Bd2 Qe7 11. a3 Bd6 12. e4 dxe4 13. Nxe4 Nxe4 14. Bxe4 Bxe4 15. Qxe4 Nf6 16. Qh4 h6 17. Re1 Rfe8 18. Bc3 Nd7 19. Qh3 c5 20. d5 Nf8 21. Re4 Qd7 22. Rae1 Re7 23. Qg4 e5 24. Nh4 Qxg4 25. Rxg4 h5 26. Rg3 f6 27. Rge3 Rd7 28. h3 Bc7 1-0

[Event "ESP-ch U18"]
[Site "Granada"]
[Date "2009.07.22"]
[Round "4"]
[White "Anaya Lopez, Victor Jose"]
[Black "Moral Garcia, Serafin"]
[Result "1-0"]
[WhiteElo "2142"]
[BlackElo "1976"]
[PlyCount "101"]
[EventDate "2009.07.20"]
[EventType "swiss"]
[EventRounds "9"]
[EventCountry "ESP"]
[SourceTitle "CBM 131 Extra"]
[Source "ChessBase"]
[SourceDate "2009.09.03"]
[SourceVersion "2"]
[SourceVersionDate "2009.09.16"]
[SourceQuality "1"]

1. e4 e5 2. Bc4 Nf6 3. d3 Nc6 4. Nf3 Bc5 5. c3 d6 6. 0-0 a6 7. b4 Ba7 8. h3 h6 9. Re1 g5 10. Nh2 Rg8 11. Qf3 Qe7 12. g4 Be6 13. Nd2 Rg6 14. a3 Nd7 15. Qd1 Rf6 16. Re2 Nf8 17. Ndf1 Ng6 18. Ng3 Nf4 19. Bxf4 gxf4 20. Nf5 Bxf5 21. gxf5 h5 22. Kh1 Kd7 23. Qg1 Rh8 24. Qg7 Rhh6 25. Nf3 Ke8 26. Rg1 Qf8 27. Qg5 Qe7 28. Bd5 Nd8 29. d4 Rh8 30. dxe5 dxe5 31. Rd1 c6 32. Bb3 Bb8 33. Red2 Rd6 34. Qg7 Rhh6 35. Ng5 Rxd2 36. Rxd2 Rd6 37. Rxd6 Bxd6 38. f6 Qd7 39. Qh8+ Bf8 40. Qxh5 Qd3 41. Kg2 Qxc3 42. Bxf7+ Kd7 43. Be8+ Kc8 44. Nf3 Qxa3 45. Qf5+ Kb8 46. Qd7 Qxb4 47. Qxd8+ Ka7 48. Bg6 a5 49. Nxe5 a4 50. Nd7 Bd6 51. e5 1-0

[Event "ESP-ch U16"]
[Site "Padron"]
[Date "2008.07.22"]
[Round "5"]
[White "Anaya Lopez, Victor Jose"]
[Black "Benarque Lopez, Francisco Jose"]
[Result "1-0"]
[WhiteElo "1944"]
[BlackElo "1889"]
[PlyCount "45"]
[EventDate "2008.07.20"]
[EventType "swiss"]
[EventRounds "9"]
[EventCountry "ESP"]
[SourceTitle "EXT 2010"]
[Source "ChessBase"]
[SourceDate "2010.11.25"]
[SourceVersion "1"]
[SourceVersionDate "2010.11.25"]
[SourceQuality "1"]

1. e4 c5 2. Nf3 d6 3. d4 cxd4 4. Nxd4 Nf6 5. Nc3 a6 6. Bg5 e6 7. f4 Qb6 8. Qd2 Nc6 9. Nb3 Be7 10. 0-0-0 Qc7 11. Be2 b5 12. Bf3 Bb7 13. Rhe1 0-0-0 14. Qe3 Kb8 15. e5 dxe5 16. fxe5 Nd5 17. Bxd5 Bxg5 18. Qxg5 exd5 19. Nxd5 Rxd5 20. Rxd5 Nb4 21. Rc5 Qb6 22. e6 fxe6 23. Qf4+ 1-0

[Event "ESP-ch U16"]
[Site "Padron"]
[Date "2008.07.21"]
[Round "3"]
[White "Anaya Lopez, Victor Jose"]
[Black "Sacristan Latorre, Alberto"]
[Result "1-0"]
[WhiteElo "1944"]
[BlackElo "1870"]
[PlyCount "51"]
[EventDate "2008.07.20"]
[EventType "swiss"]
[EventRounds "9"]
[EventCountry "ESP"]
[SourceTitle "EXT 2010"]
[Source "ChessBase"]
[SourceDate "2010.11.25"]
[SourceVersion "1"]
[SourceVersionDate "2010.11.25"]
[SourceQuality "1"]

1. e4 c5 2. Nf3 d6 3. d4 cxd4 4. Nxd4 Nf6 5. Nc3 a6 6. Bg5 e6 7. f4 Be7 8. Qf3 Qc7 9. 0-0-0 Nbd7 10. g4 b5 11. Bxf6 Nxf6 12. g5 Nd7 13. f5 Bxg5+ 14. Kb1 Ne5 15. Qh5 Be7 16. Nxe6 Bxe6 17. fxe6 0-0 18. Nd5 Qd8 19. Bh3 Kh8 20. Rhg1 fxe6 21. Bxe6 Bf6 22. Nf4 Qe8 23. Qh3 Rd8 24. Bf5 g6 25. Bxg6 Qd7 26. Bf5 1-0

[Event "ESP-chT U16"]
[Site "Aviles"]
[Date "2008.06.26"]
[Round "3.1"]
[White "Anaya Lopez, Victor Jose"]
[Black "Bendayan Claros, Aaron Arturo"]
[Result "1-0"]
[WhiteElo "2020"]
[BlackElo "2031"]
[PlyCount "111"]
[EventDate "2008.06.25"]
[EventType "team-swiss"]
[EventRounds "6"]
[EventCountry "ESP"]
[SourceTitle "EXT 2010"]
[Source "ChessBase"]
[SourceDate "2010.11.25"]
[SourceVersion "1"]
[SourceVersionDate "2010.11.25"]
[SourceQuality "1"]

1. e4 c6 2. d4 d5 3. Nc3 dxe4 4. Nxe4 Nf6 5. Nxf6+ exf6 6. c3 Bd6 7. Bd3 0-0 8. Qc2 h6 9. Ne2 Re8 10. 0-0 Qc7 11. Ng3 Nd7 12. Be3 c5 13. Rae1 c4 14. Be4 Nb6 15. Kh1 Be6 16. Qd2 Bd5 17. Bb1 Qc6 18. f4 Nd7 19. Qf2 Bf8 20. Kg1 g6 21. f5 g5 22. h4 Bg7 23. Nh5 Be4 24. hxg5 hxg5 25. Ng3 Bxb1 26. Rxb1 Nb6 27. Bd2 Nd5 28. Rbe1 Qa6 29. Qf3 Qd6 30. Ne4 Qd7 31. b3 b5 32. Nc5 Qd6 33. Re4 Bf8 34. Rfe1 Rxe4 35. Nxe4 Qc6 36. Nxf6+ Qxf6 37. Qxd5 Rb8 38. Re4 cxb3 39. axb3 a6 40. Rg4 Bh6 41. Qe4 Qd8 42. Qc6 Rb6 43. Qe4 f6 44. Rg3 Bf8 45. Re3 Qd7 46. c4 bxc4 47. bxc4 Rb7 48. Bc3 Rb6 49. c5 Rb8 50. Re1 Rb3 51. Bd2 Rb2 52. Be3 Rb4 53. c6 Qc7 54. Qe6+ Qf7 55. Qxf7+ Kxf7 56. c7 1-0

[Event "EU-ch U14 17th"]
[Site "Sibenik"]
[Date "2007.09.18"]
[Round "5"]
[White "Raznikov, Danny"]
[Black "Anaya Lopez, Victor Jose"]
[Result "1-0"]
[WhiteElo "2154"]
[BlackElo "1959"]
[PlyCount "147"]
[EventDate "2007.09.14"]
[EventType "swiss"]
[EventRounds "9"]
[EventCountry "CRO"]
[SourceTitle "CBM 120 Extra"]
[Source "ChessBase"]
[SourceDate "2007.11.01"]
[SourceVersion "1"]
[SourceVersionDate "2007.11.01"]
[SourceQuality "1"]

1. d4 Nf6 2. Nf3 c5 3. d5 b5 4. Bg5 d6 5. Bxf6 exf6 6. e4 b4 7. Nbd2 g6 8. Bd3 Bg7 9. 0-0 0-0 10. Nc4 Qc7 11. Re1 Nd7 12. a3 bxa3 13. Rxa3 Ne5 14. Nfxe5 fxe5 15. Qd2 f5 16. Qa5 Qe7 17. b4 cxb4 18. Qxb4 Rd8 19. Rea1 Bf8 20. Na5 Bd7 21. Nb3 Rdb8 22. Qd2 Bc8 23. Ba6 Bd7 24. Bc4 Bb5 25. Bxb5 Rxb5 26. Ra5 Rb7 27. Ra6 Rab8 28. h3 fxe4 29. Qe3 Qh4 30. Rxa7 Bh6 31. Qe2 Qf4 32. Rxb7 Rxb7 33. Ra4 Rc7 34. Rxe4 Qf5 35. Rc4 Rf7 36. Rc6 Bf8 37. Nd2 Rb7 38. Qf3 Rb5 39. c4 Rb2 40. g4 Qxf3 41. Nxf3 h6 42. Nh4 Kg7 43. Ng2 Rc2 44. Ne3 Rc3 45. Kg2 Rd3 46. Kg3 Kf7 47. Kf3 Be7 48. Ke2 Rc3 49. Rc7 Ke8 50. Rc8+ Kf7 51. Ra8 Rb3 52. Ra7 Ke8 53. Kf3 Rd3 54. Kg2 Rd2 55. Kg3 Bg5 56. Rg7 Bxe3 57. fxe3 Rd3 58. Kf3 Rc3 59. Rxg6 Ke7 60. Re6+ Kd7 61. Rxh6 Rxc4 62. g5 Rc3 63. g6 Ke7 64. Ke4 Kf6 65. g7+ Kxg7 66. Rxd6 Rc4+ 67. Kxe5 Rh4 68. Rd7+ Kf8 69. e4 Rxh3 70. Ra7 Ke8 71. Kd6 Rh6+ 72. Kc5 Rh5 73. Kd4 Rh4 74. d6 1-0

[Event "ESP-ch U14"]
[Site "Linares"]
[Date "2007.07.21"]
[Round "7"]
[White "Anaya Lopez, Victor Jose"]
[Black "Rioboo de la Riva, Alvaro"]
[Result "1-0"]
[WhiteElo "1959"]
[BlackElo "1911"]
[PlyCount "59"]
[EventDate "2007.07.15"]
[EventType "swiss"]
[EventRounds "9"]
[EventCountry "ESP"]
[SourceTitle "EXT 2008"]
[Source "ChessBase"]
[SourceDate "2007.11.25"]
[SourceVersion "1"]
[SourceVersionDate "2007.11.25"]
[SourceQuality "1"]

1. e4 e6 2. Nf3 d5 3. Nc3 Nf6 4. e5 Nfd7 5. d4 c5 6. dxc5 Bxc5 7. Bd3 Nc6 8. Bf4 a6 9. Qe2 b5 10. 0-0 h6 11. Rfe1 Nb4 12. a3 Nxd3 13. Qxd3 g5 14. Be3 Qb6 15. Bxc5 Nxc5 16. Qe3 Bb7 17. Nd4 Rc8 18. Qf3 Nd7 19. Rad1 Rc4 20. Qe3 Qa5 21. Nf5 exf5 22. e6 Nf6 23. exf7+ Kxf7 24. Qe7+ Kg6 25. Re6 Qd8 26. Rxf6+ Kh5 27. Qf7+ Kg4 28. Rxf5 d4 29. h3+ Kh4 30. g3+ 1-0

[Event "ESP-ch U14"]
[Site "Linares"]
[Date "2007.07.20"]
[Round "6"]
[White "Nieto de la Cruz, Julio"]
[Black "Anaya Lopez, Victor Jose"]
[Result "0-1"]
[WhiteElo "1625"]
[BlackElo "1959"]
[PlyCount "88"]
[EventDate "2007.07.15"]
[EventType "swiss"]
[EventRounds "9"]
[EventCountry "ESP"]
[SourceTitle "EXT 2008"]
[Source "ChessBase"]
[SourceDate "2007.11.25"]
[SourceVersion "1"]
[SourceVersionDate "2007.11.25"]
[SourceQuality "1"]

1. d4 Nf6 2. c4 c5 3. d5 b5 4. Nd2 d6 5. e4 g6 6. Qc2 Bg7 7. Bd3 0-0 8. Ngf3 Nbd7 9. 0-0 Bb7 10. Rd1 Qc7 11. Nf1 Rfb8 12. Rb1 Ba6 13. b3 bxc4 14. Bxc4 Bxc4 15. Qxc4 Rb4 16. Qc2 a5 17. Bd2 Rb7 18. Bc3 Nb6 19. Ne3 a4 20. Nd2 axb3 21. axb3 Rba7 22. Ra1 Nfd7 23. Bxg7 Kxg7 24. Qc3+ Kg8 25. Ndc4 Nxc4 26. bxc4 Ra2 27. Ng4 f6 28. Rxa2 Rxa2 29. Rb1 Qa7 30. g3 h5 31. Ne3 Ne5 32. Kg2 Kf7 33. Rb3 Qa4 34. Rb1 Rxf2+ 35. Kxf2 Qa2+ 36. Qc2 Qa3 37. Rb3 Qa1 38. Rb1 Qd4 39. Qe2 Ng4+ 40. Kf3 Ne5+ 41. Kg2 Qxe4+ 42. Kf2 Qxb1 43. h3 Qh1 44. Qf1 Qf3+ 0-1

[Event "Campillos op 10th"]
[Site "Campillos"]
[Date "2007.02.24"]
[Round "1.15"]
[White "Kovacevic, Slobodan"]
[Black "Anaya Lopez, Victor Jose"]
[Result "1-0"]
[WhiteElo "2328"]
[BlackElo "1941"]
[PlyCount "107"]
[EventDate "2007.02.24"]
[EventType "swiss"]
[EventRounds "9"]
[EventCountry "ESP"]
[SourceTitle "CBM 117 Extra"]
[Source "ChessBase"]
[SourceDate "2007.05.09"]
[SourceVersion "1"]
[SourceVersionDate "2007.05.09"]
[SourceQuality "1"]

1. d4 Nf6 2. Nf3 d5 3. Bf4 c5 4. e3 Nc6 5. c3 Qb6 6. Qb3 c4 7. Qc2 Bf5 8. Qc1 e6 9. Nbd2 Qd8 10. Be2 Bd6 11. Bd1 Ne4 12. Bc2 Bxf4 13. exf4 Nd6 14. Qb1 b5 15. a3 a5 16. 0-0 0-0 17. Ne5 Nb8 18. Re1 Re8 19. Nf1 g6 20. Nf3 Nc6 21. Ne3 Bxc2 22. Qxc2 f5 23. b4 cxb3 24. Qxb3 a4 25. Qa2 Ne4 26. Rac1 Na5 27. Ne5 Rc8 28. Qb2 Nb3 29. Rc2 Qa5 30. Nd3 Nxc3 31. Nb4 Ne4 32. Rce2 Rc7 33. Nec2 Qb6 34. Re3 Nbd2 35. R3e2 Nc4 36. Qa2 Qd6 37. g3 Na5 38. Ne3 Nb3 39. Qb2 Nc3 40. Nxf5 Nxe2+ 41. Qxe2 Qd7 42. Qe5 Rf8 43. Nh4 Rc1 44. Rxc1 Nxc1 45. Nf3 Rf5 46. Qb8+ Rf8 47. Qb6 Rf6 48. Ne1 Qe8 49. Nc6 h6 50. Qxb5 Qa8 51. Qc5 Nb3 52. Qd6 Nd2 53. Qd7 Rf7 54. Qxe6 1-0

[Event "Malaga-ch"]
[Site "Malaga"]
[Date "2006.02.05"]
[Round "4"]
[White "Anaya Lopez, Victor Jose"]
[Black "Rubio Doblas, Ricardo"]
[Result "0-1"]
[WhiteElo "1897"]
[BlackElo "2080"]
[PlyCount "70"]
[EventDate "2006.01.28"]
[EventType "swiss"]
[EventRounds "8"]
[EventCountry "ESP"]
[SourceTitle "EXT 2024"]
[Source "ChessBase"]
[SourceDate "2023.10.10"]
[SourceVersion "1"]
[SourceVersionDate "2023.10.10"]
[SourceQuality "1"]

1. e4 e5 2. Nf3 Nc6 3. d4 exd4 4. Bc4 Nf6 5. e5 d5 6. Bb5 Ne4 7. Nxd4 Bc5 8. Be3 Bd7 9. Bxc6 bxc6 10. 0-0 0-0 11. f3 Ng5 12. f4 Ne4 13. c3 Bb6 14. Qe2 c5 15. Nc2 a6 16. a4 Bc6 17. Rd1 Qe8 18. a5 Ba7 19. b4 f6 20. Bxc5 Bxc5+ 21. bxc5 fxe5 22. fxe5 Rf2 23. Qxf2 Nxf2 24. Kxf2 Qxe5 25. Kg1 Qe2 26. Rd2 Qc4 27. Nd4 Qxc5 28. Kh1 Re8 29. Nf3 d4 30. Rxd4 Bxf3 31. gxf3 Re1+ 32. Kg2 Qg5+ 33. Rg4 Qe3 34. Rg3 Re2+ 35. Kh3 Qe6+ 0-1